00913 2200313 4500001002100000005001500021035002000036007000300056008004100059020002200100040002200122082001700144084001900161090002300180090002200203100003100225245007800256250003000334300002900364650002000393850001200413041000800425504003300433264003700466336002100503337003000524338002300554990002200577INLIS00000000084728920191129103834 a0010-0519000624ta190515s2012 yoi g f ind d a978-602-225-389-1 aYOPDYOGbinderda04223a899.2213 a899.2213 NUR m aDEP 899.2213 NUR m aCB-D.11 2012-29180 aNurul Purnamasariepenulis10aMelodi cinta :bdalam perjalanan sang surya /cpenulis, Nurul Purnamasari aCetakan pertama, Mei 2012 axi, 275 halaman ;c19 cm 4aFiksi Indonesia aYOPDYOG0 aind aBibilografi: halaman 274-27531aYogyakarta :bLeutikaprio,c2012 2rdacontentateks 2rdamediaatanpa perantara 2rdacarrieravolume aCB-D.11/2012-2918